[Event "Bayern-chI Bank Hofmann 14th"]
[Site "Bad Wiessee"]
[Date "2010.11.01"]
[Round "4"]
[White "Bosma, Jaap"]
[Black "Poetsch, Hagen"]
[Result "1/2-1/2"]
[WhiteElo "2060"]
[BlackElo "2395"]
[PlyCount "53"]
[EventDate "2010.10.30"]
[EventType "swiss"]
[EventRounds "9"]
[EventCountry "GER"]
[SourceTitle "EXT 2011"]
[Source "ChessBase"]
[SourceDate "2010.11.26"]
[SourceVersion "1"]
[SourceVersionDate "2010.11.26"]
[SourceQuality "1"]

1. e4 e6 2. d4 d5 3. exd5 exd5 4. Nf3 Bg4 5. Bd3 Nc6 6. c3 Bd6 7. 0-0 Nge7 8. Bg5 Qd7 9. Nbd2 0-0 10. Re1 Ng6 11. Qc2 Nce7 12. Bxe7 Bxe7 13. Bxg6 fxg6 14. Ne5 Qf5 15. Qxf5 Bxf5 16. Nxg6 Bxg6 17. Rxe7 Rf7 18. Rae1 Kf8 19. Rxf7+ Kxf7 20. Nf3 Kf6 21. Ne5 Bf5 22. f3 g5 23. Kf2 h5 24. h4 gxh4 25. Rh1 Kg5 26. Nf7+ Kf6 27. Ne5 1/2-1/2

[Event "Syre Memorial op 33th"]
[Site "Issy les Moulineaux"]
[Date "2010.05.16"]
[Round "5"]
[White "Slavkovic, Vitomir"]
[Black "Bosma, Jaap"]
[Result "0-1"]
[WhiteElo "1790"]
[BlackElo "2052"]
[PlyCount "52"]
[EventDate "2010.05.13"]
[EventType "swiss"]
[EventRounds "6"]
[EventCountry "FRA"]
[SourceTitle "EXT 2011"]
[Source "ChessBase"]
[SourceDate "2010.11.26"]
[SourceVersion "1"]
[SourceVersionDate "2010.11.26"]
[SourceQuality "1"]

1. Nf3 d5 2. b3 Nf6 3. Bb2 c5 4. d4 e6 5. e3 Nc6 6. a3 Be7 7. Bd3 0-0 8. 0-0 b6 9. c4 Bb7 10. Nbd2 Rc8 11. Rc1 cxd4 12. Nxd4 Bd6 13. h3 Bb8 14. N2f3 Qe7 15. b4 Rfd8 16. c5 bxc5 17. Rxc5 e5 18. Nxc6 Rxc6 19. Rxc6 Bxc6 20. Ba6 Ba8 21. Qe2 h6 22. Rc1 Qe6 23. Qb5 Ne4 24. Qe2 f5 25. Nd2 Nxd2 26. Qxd2 Qxa6 0-1

[Event "Syre Memorial op 33th"]
[Site "Issy les Moulineaux"]
[Date "2010.05.14"]
[Round "2"]
[White "Bosma, Jaap"]
[Black "Shirazi, Kamran"]
[Result "0-1"]
[WhiteElo "2052"]
[BlackElo "2425"]
[PlyCount "94"]
[EventDate "2010.05.13"]
[EventType "swiss"]
[EventRounds "6"]
[EventCountry "FRA"]
[SourceTitle "EXT 2011"]
[Source "ChessBase"]
[SourceDate "2010.11.26"]
[SourceVersion "1"]
[SourceVersionDate "2010.11.26"]
[SourceQuality "1"]

1. e4 e5 2. Nf3 Nc6 3. Bb5 f5 4. exf5 Nge7 5. d4 exd4 6. Nxd4 Nxd4 7. Qxd4 Nxf5 8. Qe5+ Qe7 9. Bf4 c6 10. Bd3 d6 11. Qxe7+ Bxe7 12. Nd2 0-0 13. 0-0 g5 14. Bg3 h5 15. Rfe1 Rf7 16. f3 Nxg3 17. hxg3 Kg7 18. Re2 d5 19. c4 Bd7 20. cxd5 cxd5 21. Rc1 Bd6 22. Kf2 Raf8 23. Nb3 b6 24. Nd2 g4 25. a3 gxf3 26. gxf3 Bg4 27. Rc6 Rxf3+ 28. Nxf3 Rxf3+ 29. Ke1 Rxd3 30. Rxd6 Bxe2 31. Kxe2 Rxg3 32. Rxd5 Kh6 33. Rb5 h4 34. Kf2 Rg5 35. Rb4 Kh5 36. b3 h3 37. Re4 h2 38. Re8 Kh4 39. Rh8+ Rh5 40. Rxh5+ Kxh5 41. Kg2 Kg4 42. Kxh2 Kf3 43. b4 a6 44. a4 Ke3 45. b5 axb5 46. axb5 Kd4 47. Kg3 Kc5 0-1

[Event "Trieste op 10th"]
[Site "Trieste"]
[Date "2008.09.07"]
[Round "9"]
[White "Srebrnic, Vojko"]
[Black "Bosma, Jaap"]
[Result "1/2-1/2"]
[WhiteElo "2214"]
[BlackElo "2048"]
[PlyCount "117"]
[EventDate "2008.08.31"]
[EventType "swiss"]
[EventRounds "9"]
[EventCountry "ITA"]
[SourceTitle "CBM 126 Extra"]
[Source "ChessBase"]
[SourceDate "2008.11.05"]
[SourceVersion "1"]
[SourceVersionDate "2008.11.05"]
[SourceQuality "1"]

1. Nf3 d5 2. c4 c6 3. b3 Nf6 4. g3 g6 5. Bb2 Bg7 6. Bg2 0-0 7. 0-0 Re8 8. d4 Bf5 9. Nc3 Be4 10. Nxe4 Nxe4 11. Nd2 Nxd2 12. Qxd2 Na6 13. Rfd1 e6 14. Rac1 Bf8 15. e4 Nc7 16. f3 Be7 17. Qd3 f5 18. Rc2 Qd7 19. Kh1 Rf8 20. Re2 Rae8 21. Bc1 Bf6 22. Ba3 Be7 23. Bxe7 Rxe7 24. Rde1 Rfe8 25. Bh3 Qd8 26. Qe3 Kf8 27. g4 Rf7 28. gxf5 exf5 29. Qh6+ Kg8 30. cxd5 fxe4 31. fxe4 Nxd5 32. Qd2 Nf4 33. Re3 Nxh3 34. Rxh3 Ref8 35. Rg1 Rf4 36. Qd3 Qd7 37. Re3 Rd8 38. Rd1 Qd6 39. Rf3 Rdf8 40. Rxf4 Rxf4 41. d5 cxd5 42. exd5 Rf5 43. Rd2 Kf7 44. Kg2 a6 45. Qd4 h5 46. b4 Rf4 47. Rf2 Rxf2+ 48. Qxf2+ Ke7 49. Qd4 Qf6 50. Qc5+ Kd7 51. Qe3 Qf5 52. Qd4 Qc2+ 53. Kg3 Qf5 54. h4 Kd6 55. Qb6+ Kxd5 56. Qxb7+ Kd4 57. Qe7 Qd3+ 58. Kf4 Qf5+ 59. Kg3 1/2-1/2

[Event "Trieste op 10th"]
[Site "Trieste"]
[Date "2008.08.31"]
[Round "1"]
[White "Rukavina, Josip"]
[Black "Bosma, Jaap"]
[Result "1-0"]
[WhiteElo "2414"]
[BlackElo "2048"]
[PlyCount "43"]
[EventDate "2008.08.31"]
[EventType "swiss"]
[EventRounds "9"]
[EventCountry "ITA"]
[SourceTitle "CBM 126 Extra"]
[Source "ChessBase"]
[SourceDate "2008.11.05"]
[SourceVersion "1"]
[SourceVersionDate "2008.11.05"]
[SourceQuality "1"]

1. c4 c5 2. Nf3 Nc6 3. d4 cxd4 4. Nxd4 Nf6 5. Nc3 d6 6. g3 g6 7. Bg2 Bd7 8. 0-0 Bg7 9. e3 0-0 10. b3 a6 11. Bb2 Qc7 12. Nde2 Rfd8 13. Qd2 Rab8 14. Rfd1 h5 15. Nf4 b5 16. Ncd5 Nxd5 17. Nxd5 Qc8 18. cxb5 Rxb5 19. Rac1 Re8 20. Bxg7 Kxg7 21. Rc4 f6 22. Rdc1 1-0